[Event "Mittelfrank Regionalliga Nord-West 2223"]
[Site "Mittelfranken"]
[Date "2022.10.09"]
[Round "1.6"]
[White "Flach, Manuel"]
[Black "Kuespert, Helmut"]
[Result "1/2-1/2"]
[WhiteElo "1853"]
[BlackElo "1887"]
[PlyCount "84"]
[EventDate "2022.10.09"]
[EventType "team-tourn"]
[EventRounds "9"]
[EventCountry "GER"]
[SourceTitle "EXT 2024"]
[Source "ChessBase"]
[SourceDate "2023.10.10"]
[SourceVersion "1"]
[SourceVersionDate "2023.10.10"]
[SourceQuality "1"]
[WhiteTeam "Klingenberg"]
[BlackTeam "Marktleuthen"]
[WhiteTeamCountry "GER"]
[BlackTeamCountry "GER"]

1. e4 c5 2. Nc3 e6 3. Nge2 b6 4. g3 Bb7 5. Bg2 d6 6. 0-0 Nd7 7. d4 cxd4 8. Qxd4 a6 9. Be3 Rb8 10. a4 Ngf6 11. h3 Be7 12. f4 Qc7 13. f5 e5 14. Qd2 Nc5 15. Nd5 Nxd5 16. exd5 0-0 17. b4 Nd7 18. g4 Rfc8 19. Rac1 Qc4 20. g5 g6 21. f6 Bd8 22. Ng3 a5 23. c3 Qh4 24. Ne4 axb4 25. Bf2 Qf4 26. Qe1 Ba6 27. Be3 Bxf1 28. Bxf4 Bxg2 29. Kxg2 exf4 30. Qh4 h5 31. gxh6 f3+ 32. Kxf3 Rc4 33. h7+ Kh8 34. Qg5 Rxe4 35. Kxe4 Bxf6 36. Qg2 bxc3 37. Kd3 Ra8 38. Qe2 Ne5+ 39. Kc2 Rxa4 40. Kb1 Rb4+ 41. Ka1 Ra4+ 42. Kb1 Rb4+ 1/2-1/2

[Event "Unterfranken-ch M2 63th"]
[Site "Schweinfurt"]
[Date "2012.04.13"]
[Round "8"]
[White "Flach, Manuel"]
[Black "Drescher, Frank"]
[Result "0-1"]
[WhiteElo "1751"]
[BlackElo "1854"]
[PlyCount "64"]
[EventDate "2012.04.09"]
[EventType "swiss"]
[EventRounds "9"]
[EventCountry "GER"]
[SourceTitle "EXT 2015"]
[Source "ChessBase"]
[SourceDate "2014.11.20"]
[SourceVersion "1"]
[SourceVersionDate "2014.11.20"]
[SourceQuality "1"]

1. d4 Nf6 2. Bf4 c5 3. e3 e6 4. Nd2 b6 5. Ngf3 Be7 6. c3 0-0 7. Qc2 Bb7 8. e4 cxd4 9. Nxd4 d6 10. Bg3 Nbd7 11. 0-0-0 Nc5 12. e5 dxe5 13. Bxe5 Qd5 14. Nc4 Qe4 15. f3 Qxc2+ 16. Kxc2 Rfd8 17. Be2 Nd5 18. Rd2 Bg5 19. Rdd1 f6 20. Bg3 e5 21. Nb3 Ne6 22. Kb1 Kf7 23. Rd3 Ba6 24. Rxd5 Rxd5 25. Nxe5+ fxe5 26. Bxa6 Rad8 27. Bc4 Rd1+ 28. Rxd1 Rxd1+ 29. Kc2 Rg1 30. Bxe5 Rxg2+ 31. Kb1 Ke7 32. Bxg7 Nxg7 0-1

[Event "Unterfranken-ch M2 63th"]
[Site "Schweinfurt"]
[Date "2012.04.10"]
[Round "2"]
[White "Flach, Manuel"]
[Black "Heerlein, Gerd"]
[Result "1-0"]
[WhiteElo "1751"]
[BlackElo "1755"]
[PlyCount "67"]
[EventDate "2012.04.09"]
[EventType "swiss"]
[EventRounds "9"]
[EventCountry "GER"]
[SourceTitle "EXT 2015"]
[Source "ChessBase"]
[SourceDate "2014.11.20"]
[SourceVersion "1"]
[SourceVersionDate "2014.11.20"]
[SourceQuality "1"]

1. Nf3 Nf6 2. g3 g6 3. Bg2 Bg7 4. 0-0 0-0 5. d3 d6 6. e4 c5 7. Nc3 Nc6 8. Nd2 Rb8 9. f4 e6 10. Nc4 d5 11. Ne5 Ne7 12. a4 Nd7 13. exd5 Nxe5 14. fxe5 Bxe5 15. Bg5 f6 16. Bh6 Rf7 17. dxe6 Bxe6 18. Ne4 Nd5 19. Qe2 Qd7 20. Rae1 Bg4 21. Qd2 Bh3 22. c3 Bxg2 23. Kxg2 b6 24. a5 Rd8 25. axb6 axb6 26. d4 cxd4 27. cxd4 Bc7 28. Qf2 Qc6 29. Rc1 Qd7 30. Qf3 Re8 31. Rf2 Qe7 32. Re1 Qd7 33. Ref1 Qe7 34. Ng5 1-0